The IIEP letTer: news and analysis on educational planning and management (Record no. 46159)

MARC details
000 -LEADER
fixed length control field 00910nam a2200169 a 4500
008 - FIXED-LENGTH DATA ELEMENTS--GENERAL INFORMATION
fixed length control field 180905s2016 ||||||||||||||||| || u
050 ## - LIBRARY OF CONGRESS CALL NUMBER
Classification number UNESCO(05)IIEP/2016/2
110 ## - MAIN ENTRY--CORPORATE NAME
Corporate name or jurisdiction name as entry element United Nations Educational, Scientific and Cultural Organization (UNESCO)
245 14 - TITLE STATEMENT
Title The IIEP letTer: news and analysis on educational planning and management
Statement of responsibility, etc. United Nations Educational, Scientific and Cultural OrganizatioN [UNESCO]
260 ## - PUBLICATION, DISTRIBUTION, ETC.
Place of publication, distribution, etc. Paris
Name of publisher, distributor, etc. United Nations Educational, Scientific and Cultural Organization (UNESCO)
Date of publication, distribution, etc. 2016
300 ## - PHYSICAL DESCRIPTION
Extent 16p.: ill.
650 ## - SUBJECT ADDED ENTRY--TOPICAL TERM
Topical term or geographic name entry element UNESCO-INTERNATIONAL COOPERATION
650 ## - SUBJECT ADDED ENTRY--TOPICAL TERM
Topical term or geographic name entry element SUSTAINABLE DEVELOPMENT--UNESCO
650 ## - SUBJECT ADDED ENTRY--TOPICAL TERM
Topical term or geographic name entry element EDUCATION PLANNING
650 ## - SUBJECT ADDED ENTRY--TOPICAL TERM
Topical term or geographic name entry element EDUCATION POLICY
995 ## - RECOMMENDATION 995 [LOCAL, UNIMARC FRANCE]
-- CBU-MAIN LIBRARY (Kitwe)
-- 1
-- AVAILABLE
-- Sep 5, 2018
-- United Nations Educational, Scientific and Cultural Organization
-- University Collection
Holdings
Withdrawn status Lost status Source of classification or shelving scheme Damaged status Not for loan Home library Current library Shelving location Date acquired Total Checkouts Full call number Barcode Date last seen Price effective from Koha item type
          CBU-MAIN LIBRARY, KITWE. CBU-MAIN LIBRARY, KITWE.   11/30/2022   UNESCO(05)IIEP/2016/2 B3645 11/30/2022 11/30/2022 MONOGRAPH